Loading...
| History - American | 1 | 2 | 0 | 0 | 35 | 40 | 74.00 | 3 | 3 | 0.00 | 0.00 |
| History - World | 0 | 2 | 0 | 2 | 20 | 120 | 121.00 | 1 | 2 | 0.00 | 0.00 |
| History - Other | 1 | 0 | 0 | 0 | 15 | 70 | 70.00 | 1 | 1 | 0.00 | 0.00 |
| Fine Arts - Visual | 0 | 1 | 0 | 1 | 10 | 129 | 129.00 | 0 | 1 | 0.00 | 0.00 |
| Pop Culture | 0 | 1 | 0 | 0 | 10 | 97 | 97.00 | 0 | 1 | 0.00 | 0.00 |
| History - European | 0 | 1 | 1 | 0 | 5 | 82 | 82.00 | 1 | 1 | 0.00 | 0.00 |
| Science - Biology | 0 | 0 | 0 | 0 | 0 | 0.00 | 0 | 0 | 0.00 | 0.00 | |
| Fine Arts - Other | 0 | 0 | 0 | 0 | 0 | 0.00 | 0 | 0 | 0.00 | 0.00 | |
| Literature - American | 0 | 0 | 0 | 0 | 0 | 0.00 | 0 | 0 | 0.00 | 0.00 | |
| Fine Arts - Auditory | 0 | 0 | 0 | 0 | 0 | 0.00 | 0 | 0 | 0.00 | 0.00 |